| 000 | 00544nam a22001457a 4500 | ||
|---|---|---|---|
| 003 | 0 | ||
| 005 | 20221115133915.0 | ||
| 008 | 221115b xxu||||| |||| 00| 0 eng d | ||
| 050 |
_aHF 5410 _b.D34 2019 |
||
| 245 |
_aPurchase order with inventory and sales management system for A.C matola beverage distributing company _cAna Patricia T. Dagdag |
||
| 260 |
_aLas Pinas City, Philippines _bSouthville International School and Colleges _cC2019 |
||
| 300 |
_a168pp. _c28cm. _fTheses |
||
| 500 | _aInventory & sales management system. | ||
| 942 |
_2lcc _cTH |
||
| 999 |
_c364886 _d364886 |
||